Revista Universitaria de Geografía (Registro nro. 11994)

Detalles MARC
000 -LEADER
longitud fija campo de control 01693nab a2200373 4500
003 - IDENTIFICADOR DE NUMERO DE CONTROL
control del campo AR-RoUNA
005 - FECHA DE LA ULTIMA MODIFICACION
control del campo 20250521105545.0
008 - CAMPO DE CONTROL - LIBROS
longitud fija campo de control 250521b1985 ag ||||| |||| 00| 0 spa d
040 ## - ORIGEN DE LA CATALOGACION
Idioma en que se cataloga spa
041 ## - CODIGO DE IDIOMA
Codigo de idioma del texto / sonido o titulo separado spa
044 ## - CODIGO DE PAIS / ENTIDAD PRODUCTORA
Codigo MARC del pais ag
110 2# - ASIENTO PRINCIPAL - AUTOR INSTITUCIONAL
Nombre corporativo o de jurisdiccion como elemento de entrada Argentina. Universidad Nacional del Sur.
Unidad subordinada Departamento de Geografía.
9 (RLIN) 27185
245 ## - TITULO PROPIAMENTE DICHO
Titulo Revista Universitaria de Geografía
260 ## - EDITORIAL - PUBLICACION, DISTRIBUCION, ETC. (Pie de imprenta)
Lugar de publicacion, distribucion, etc Argentina:
Nombre del editor, distribuidor, etc Imprenta MArtinez y Rodiguez SRL,
Fecha de publicacion 1985
505 0# - NOTA DE CONTENIDO CON FORMATO
Título INDICE
505 0# - NOTA DE CONTENIDO CON FORMATO
Título principal Mariano Zamorano / La geografía, Ciencia de una actualizada Realidad Espacial. p. 7
505 0# - NOTA DE CONTENIDO CON FORMATO
Título principal Víctor Crespo / Vulnerabilidad Geográfica de los Centros Urbanos. p. 17
505 0# - NOTA DE CONTENIDO CON FORMATO
Título principal Alicia Capelli de Steffens y otros / El clima Estival Bahiense. p. 27
505 0# - NOTA DE CONTENIDO CON FORMATO
Título principal Ana María Petagna de del Río /Los Arboles de la Ciudad de Bahía Blanca. Diagnóstico de Estructura de la Situación Actual. p. 49
505 0# - NOTA DE CONTENIDO CON FORMATO
Título principal Cecilio Ockier de Azcoitía / Delimitación del Centro Comercial de Bahía Blanca. p. 65
505 0# - NOTA DE CONTENIDO CON FORMATO
Título principal Nelly Amalia Gray de Cerdán / Condicionantes Geográficos de los Asentamientos Humanos en Zona Arida. Su comportamiento en el N.E. de Mendoza (departamento Lavalle)
505 0# - NOTA DE CONTENIDO CON FORMATO
Título RESEÑAS N I
505 0# - NOTA DE CONTENIDO CON FORMATO
Título principal Norma Barciocco de Mársico. p. 99
505 0# - NOTA DE CONTENIDO CON FORMATO
Título RESEÑAS Nº II
505 0# - NOTA DE CONTENIDO CON FORMATO
Título principal Olga Del Pozo de Moraes. Ilda María Ferrera. p. 103
505 0# - NOTA DE CONTENIDO CON FORMATO
Título RESEÑAS Nº III
505 0# - NOTA DE CONTENIDO CON FORMATO
Título principal MAría del C. Vaquero de Trillini. p. 107
650 ## - MATERIA - TERMINO TEMATICO
Término tematico general Geografía
9 (RLIN) 3697
Subdivisión geográfica Argentina
773 ## - ENTRADA DEL ITEM MAYOR
Entrada principal Revista Universitaria de Geografía
Vol. - nro. (mes-año), pág. vol.1 nº1 (dic-1985). 110 p.
908 ## - SOPORTE
Soporte Imp
942 ## - FUENTE DE CLASIFICACION
Tipo de item Analítica
Clasificacion Universal Decimal Classification
945 ## - INFORMACION DE PROCESAMIENTO
Fecha de ingreso o modificacion 2025-05-21
980 ## - EQUIVALENCE OR CROSS-REFERENCE-SERIES STATEMENT--PERSONAL NAME/TITLE [LOCAL, CANADA]
Linkage 5
Personal name María Machado
Field link and sequence number 5
Miscellaneous information María Machado
Existencias
Estado retiro Estado perdido Estado general Biblioteca de origen Localizacion en estante Fecha de adquisicion Prestamos totales Numero de inventario (BARCODE) Fecha ultima visto Fecha del precio de reemplazo Tipo de elemento KOHA Nota no publica
Disponible Disponible No dañado Biblioteca CEAH Biblioteca CEAH 21/05/2025   CEAH-00165 21/05/2025 21/05/2025 Analítica